000 nam a22 7a 4500
999 _c8956
_d8956
008 180122b ||||| |||| 00| 0 eng d
100 _aTripathi.S.B.etal.
_95259
245 _aABD'S Lab'S Mathematics
260 _aNew Delhi
_bArya
_c2008